000 00487nam a22001937a 4500
005 20231002102840.0
008 230927b |||||||| |||| 00| 0 eng d
020 _a9788184731514
082 _a616.12
_bGRI-M
100 _aGriffin,Brain P.
245 _aManual of Cardiovascular Medicine
250 _a3rd.ed
260 _aIndia
_bLippincott William & Wilkins
_c2009
300 _a1015
500 _aInclude Index
650 _aMedical
700 _aBrain P.Griffin
999 _c33733
_d33733